| 000 | 00505ntaaa2200193 4500 | ||
|---|---|---|---|
| 003 | 01 | ||
| 005 | 20251027201714.0 | ||
| 008 | 0714s1973 ag 01 | ||
| 040 |
_aAR-BaBN _bspa _cAR-BaBN _eaacr _dRIC |
||
| 082 | _a234.0000 D29 | ||
| 100 |
_aDavis, T.G. _915633 |
||
| 245 | _aSaved and certain | ||
| 250 | _a1 ed. | ||
| 260 |
_aNashville : _bBroadman Press, _cc1955 |
||
| 300 | _axii, 104 p | ||
| 500 | _aEstudio de la seguridad del creyente de su salvación | ||
| 650 |
_aseguridad _915634 |
||
| 942 | _cBK | ||
| 999 |
_c11733 _d11733 |
||